00290nam a2200121Ia 4500008004100000082001500041100001800056245004100074250000900115260002800124300000800152650000800160191201s2009 xx 000 0 und d a658.4bREQ aRENDER, Barry 0aQuantitative Analysis for Management a10th aN. DelhibPearsonc2009 a744 aBBA